| 000 | 003520000a22001450004500 | ||
|---|---|---|---|
| 020 | _a84-399-2348-1 | ||
| 041 | 0 | _aSPA | |
| 082 | 0 | 4 | _aR 220.3 N424d |
| 245 | 1 | 0 | _aDiccionario ilustrado de la Biblia / Wilton M. Nelson, Editor. |
| 260 | _aMiami, FL., USA : Caribe | ||
| 300 | _a735 Pag. | ||
| 650 | 1 | 4 | _aBIBLIA - DICCIONARIOS |
| 001 | 58 | ||
| 942 | _cBK | ||
| 999 |
_c31611 _d31611 |
||